新手入厨必修课 (Record no. 67121)

000 -LEADER
fixed length control field 00507nam a22001937a 4500
003 - CONTROL NUMBER IDENTIFIER
control field MPLRDC
005 - DATE AND TIME OF LATEST TRANSACTION
control field 20220104201333.0
008 - FIXED-LENGTH DATA ELEMENTS--GENERAL INFORMATION
fixed length control field 210129b ||||| |||| 00| 0 eng d
020 ## - INTERNATIONAL STANDARD BOOK NUMBER
International Standard Book Number 978-988-202-940-8
082 ## - DEWEY DECIMAL CLASSIFICATION NUMBER
Classification number 427.1 SQF
100 ## - MAIN ENTRY--PERSONAL NAME
Personal name 施琼芳
245 ## - TITLE STATEMENT
Title 新手入厨必修课
Statement of responsibility, etc. 吴卓祺 摄影
250 ## - EDITION STATEMENT
Edition statement 初版
260 ## - PUBLICATION, DISTRIBUTION, ETC.
Place of publication, distribution, etc. 香港
Name of publisher, distributor, etc. 海滨图书公司 大众控股集团成员
Date of publication, distribution, etc. 2016
300 ## - PHYSICAL DESCRIPTION
Other physical details
520 ## - SUMMARY, ETC.
Summary, etc. 上架 2017-04-16。
650 ## - SUBJECT ADDED ENTRY--TOPICAL TERM
Topical term or geographic name entry element 食谱
942 ## - ADDED ENTRY ELEMENTS (KOHA)
Koha item type Book
-- 427.1 SQF
Holdings
Withdrawn status Lost status Source of classification or shelving scheme Damaged status Not for loan Collection code Home library Current library Shelving location Date acquired Cost, normal purchase price Total Checkouts Full call number Barcode Date last seen Date last checked out Price effective from Koha item type Public note
            Malaysian Public Library, Research and Development Centre Malaysian Public Library, Research and Development Centre   14/04/2017 44.00   427.1 SQF 00060738 18/03/2021 14/11/2018 18/03/2021 Book mplrdc

© 2022. Malaysian Public Library, Research and Development Centre. All Right ReservedE-mailmplrdc@help.edu.my 

Powered by Koha